Statistics for Food Origins

Click here to take the quiz!

General Stats

  • This quiz has been taken 57 times
  • The average score is 9 of 13

Answer Stats

Food dishOrigin% Correct
PizzaItaly
97%
Pasta AlfredoItaly
97%
Chicken NuggetsUnited States
92%
Hawaiian ChickenUnited States
92%
SushiJapan
89%
GazpachoSpain
79%
Fish & ChipsEngland
71%
Ceaser SaladMexico
66%
Moules-FritesBelgium
53%
FalafelLebanon
42%
MeatballsPersia
34%
MoquecaBrazil
32%
SourdoughAncient Egypt
26%

Score Distribution

Percentile by Number Answered

Percent of People with Each Score

Your Score History

You have not taken this quiz